00348nam a2200133Ia 4500008004100000041000800041082001300049100001900062245005600081250000600137260004500143300000800188650001800196210716s2007 xx 000 0 und d aeng a160 AGGR aAggarwal, R S. aModern approach to verbal and non verbal reasoning. a1 aNew DelhibS Chand and Company Ltdc2007 a431 aAptitude Test